000 00720nam a2200289Ia 4500
005 20260324115418.0
008 008 260324s9999 xx 000 0 eng d
020 _a9781315153971
037 _aEBOOK
040 _aCRL
040 _beng
040 _cCRL
041 _2eng
041 _aeng
084 _qCRL
100 _aVladimir Strezov; Hossain Md. Anawar
_91154558
245 0 _aRenewable Energy Systems from Biomass
245 0 _bEfficiency, Innovation and Sustainability
260 _bTaylor and Francis
260 _c2018
365 _a
365 _b435
856 _uhttp://www.taylorfrancis.com/books/9781315153971
942 _cEBOOK
999 _c1745428
_d1745428